Catalog

Record Details

Catalog Search



Největší přání : svět ve výuce : metodická příručka pro učitele ZŠ  Cover Image Book Book

Největší přání : svět ve výuce : metodická příručka pro učitele ZŠ / autoři textů: Mezinárodní expertní skupina projektu Global Schools, Veronika Ambrozyová, Veronika Endrštová, Petra Skalická

Summary:

Metodika ke knize největší přání představuje výukový materiál k výuce ke globálnímu občanství.

Record details

  • ISBN: 978-80-7591-003-5
  • Physical Description: 72 stran : ilustrace
  • Edition: První vydání
  • Publisher: Praha : Člověk v tísni, o.p.s., [2018]

Content descriptions

General Note:
Obsahuje internetové odkazy
Subject: občanská výchova
svět
základní škola
Genre: metodická příručka pro základní školu

Available copies

  • 2 of 2 copies available at Common Catalog SPOK.

Holds

  • 0 current holds with 2 total copies.
Show All Copies
Location Call Number / Copy Notes Barcode Shelving Location Status Due Date
Varianty GRV Met Am 4605400360 Šafaříkova 17 - 5. patro, GRV Available -
Varianty GRV Met Am 4605402020 Šafaříkova 17 - 5. patro, GRV Available -

LDR 01796nam a2200469 i 4500
00131126
003CZ-PrJAB
00520190224092455.0
007ta
008180821s2018 xr a|||e|f||||||| ||cze||
020 . ‡a978-80-7591-003-5 ‡q(brožováno)
035 . ‡a(CZ PrSKC)kpw01469581
040 . ‡aABA012 ‡bcze ‡erda
072 7. ‡a37 ‡xVýchova a vzdělávání ‡2Konspekt ‡922
072 7. ‡a37.016 ‡xUčební osnovy. Vyučovací předměty. Učebnice ‡2Konspekt ‡922
080 . ‡a37.017.4 ‡2MRF
080 . ‡a(075.2) ‡2MRF
080 . ‡a(072) ‡2MRF
1001 . ‡aAmbrozyová, Veronika ‡4aut
24510. ‡aNejvětší přání : ‡bsvět ve výuce : metodická příručka pro učitele ZŠ / ‡cautoři textů: Mezinárodní expertní skupina projektu Global Schools, Veronika Ambrozyová, Veronika Endrštová, Petra Skalická
2463 . ‡aSvět ve výuce
250 . ‡aPrvní vydání
264 1. ‡aPraha : ‡bČlověk v tísni, o.p.s., ‡c[2018]
264 4. ‡c©2018
300 . ‡a72 stran : ‡bilustrace
336 . ‡atext ‡btxt ‡2rdacontent
337 . ‡abez média ‡bn ‡2rdamedia
338 . ‡asvazek ‡bnc ‡2rdacarrier
500 . ‡aObsahuje internetové odkazy
520 . ‡aMetodika ke knize největší přání představuje výukový materiál k výuce ke globálnímu občanství.
650 7. ‡aobčanská výchova ‡7ph115539 ‡2czenas
650 4. ‡asvět
650 4. ‡azákladní škola
6530 . ‡aglobální občanství
655 4. ‡ametodická příručka pro základní školu
7001 . ‡aEndrštová, Veronika ‡7jx20100115010 ‡4aut
7001 . ‡aSkalická, Petra ‡7jx20110401017 ‡4aut
7102 . ‡aGlobal Schools: Svět ve výuce (projekt)
7102 . ‡aVarianty (program) ‡7xx0088136
910 . ‡aABH006
901 . ‡a31126 ‡b ‡c31126 ‡tbiblio

Additional Resources